Größte Stadt nach Eigenschaft #1 - Statistiken

Allgemein
  • Dieses Quiz wurde 126 mal gespielt
  • Das Durchschnittsergebnis liegt bei 12 aus 24
Antwortstatistiken
Größte Stadt Einwohnerzahl Antwort % Korrekt
die eine Hauptstadt ist 39.9 mio Tokio
91%
in Deutschland 3.6 mio Berlin
90%
in Australien 5.00 mio Sydney
83%
in Europa 17.0 mio Moskau
82%
auf der iberischen Halbinsel 6.35 mio Madrid
81%
in Skandinavien 2.15 mio Stockholm
81%
in Afrika 18.2 mio Lagos oder Kairo
75%
in Florida 6.25 mio Miami
74%
in Südamerika 22.1 mio São Paulo
65%
an der Grenze zwischen Deutschland/Polen 58 Tausend Frankfurt/Oder
55%
an den großen Seen 9.75 mio Chicago
52%
unter 30° Süd 16.1 mio Buenos Aires
50%
über 5.000 Fuß Höhe 22.6 mio Mexiko Stadt
47%
in Indochina 18,4 mio Bangkok
46%
auf der Welt 45.6 mio Guangzhou
41%
in den britischen Midlands 3.10 mio Birmingham
39%
in Zentralamerika 3.10 mio Guatemala Stadt
34%
auf einer mediterranen Insel 0.855 mio Palermo
33%
die nach 1950 gegründet wurde 3.98 mio Brasilia
30%
in der Karibik 3.83 mio Santo Domingo
30%
über 60° Nord 1.27 mio Helsinki
20%
über 10.000 Fuß Höhe 2.03 mio La Paz
17%
über dem Nordpolarkreis 0.299 mio Murmansk
17%
auf der Yucatan Halbinsel 1.11 mio Mérida
9%
Keine übereinstimmenden Quizze gefunden
Verteilung der Resultate
Anzahl Personen mit jedem Resultat
Perzentil nach korrekt beantworteten Fragen
Ihre Resultats-Entwicklung
Sie haben dieses Quiz noch nicht gespielt